[Event "Rottach Egern Seniors Cup 11th"]
[Site "Rottach Egern"]
[Date "2023.04.16"]
[Round "2"]
[White "Linke, Michael"]
[Black "Bodemer, Wolfgang"]
[Result "1/2-1/2"]
[WhiteElo "1673"]
[BlackElo "1826"]
[PlyCount "52"]
[EventDate "2023.04.15"]
[EventType "swiss"]
[EventRounds "9"]
[EventCountry "GER"]
[SourceTitle "EXT 2024"]
[Source "ChessBase"]
[SourceDate "2023.10.10"]
[SourceVersion "1"]
[SourceVersionDate "2023.10.10"]
[SourceQuality "1"]

1. e4 c5 2. Nc3 d6 3. d4 cxd4 4. Qxd4 Nc6 5. Qd2 g6 6. b3 Bg7 7. Bb2 Nf6 8. 0-0-0 0-0 9. f3 a6 10. g4 Qa5 11. Kb1 Rd8 12. Nge2 b5 13. g5 Ne8 14. h4 Bd7 15. h5 Nc7 16. hxg6 hxg6 17. Qe3 b4 18. Na4 Bxb2 19. Nxb2 Kg7 20. Nc4 Qc5 21. Qxc5 dxc5 22. Nb6 Be6 23. Bg2 Rxd1+ 24. Rxd1 Rd8 25. Rxd8 Nxd8 26. Na4 Nb7 1/2-1/2

[Event "Rottach Egern Seniors Cup 11th"]
[Site "Rottach Egern"]
[Date "2023.04.15"]
[Round "1"]
[White "Kesseler, Heiko"]
[Black "Linke, Michael"]
[Result "1-0"]
[WhiteElo "1981"]
[BlackElo "1673"]
[PlyCount "25"]
[EventDate "2023.04.15"]
[EventType "swiss"]
[EventRounds "9"]
[EventCountry "GER"]
[SourceTitle "EXT 2024"]
[Source "ChessBase"]
[SourceDate "2023.10.10"]
[SourceVersion "1"]
[SourceVersionDate "2023.10.10"]
[SourceQuality "1"]

1. e4 c5 2. Nf3 d6 3. Bb5+ Bd7 4. Bxd7+ Qxd7 5. 0-0 Nc6 6. c3 e5 7. d4 cxd4 8. cxd4 Nf6 9. Re1 g6 10. Nc3 Bg7 11. dxe5 dxe5 12. Nd5 0-0 13. Nxf6+ 1-0

[Event "Main Vogelsberg op 16th"]
[Site "Waechtersbach"]
[Date "2022.10.01"]
[Round "2"]
[White "Linke, Michael"]
[Black "Voellinger, Florian"]
[Result "0-1"]
[WhiteElo "1683"]
[BlackElo "1892"]
[PlyCount "54"]
[EventDate "2022.09.30"]
[EventType "swiss"]
[EventRounds "7"]
[EventCountry "GER"]
[SourceTitle "CBM 210 Extra"]
[Source "ChessBase"]
[SourceDate "2022.11.30"]
[SourceVersion "1"]
[SourceVersionDate "2022.11.30"]
[SourceQuality "1"]

1. d4 d5 2. Nf3 Nf6 3. g3 e6 4. Bg2 c5 5. c4 Nc6 6. 0-0 dxc4 7. Qc2 cxd4 8. Qxc4 Qb6 9. Rd1 Bc5 10. Nbd2 Na5 11. Qd3 Bd7 12. Nc4 Nxc4 13. Qxc4 Bb5 14. Qc2 0-0 15. b4 Be7 16. Nxd4 Rac8 17. Qb2 Ba4 18. Rf1 Rc4 19. Nb3 Bxb4 20. Bd2 Rfc8 21. Bxb4 Qxb4 22. Rac1 b5 23. Qb1 h6 24. Rxc4 bxc4 25. Nd4 a5 26. Qxb4 axb4 27. e4 Rd8 0-1

[Event "Main Vogelsberg op 16th"]
[Site "Waechtersbach"]
[Date "2022.10.01"]
[Round "3"]
[White "Pu, Tim Yu"]
[Black "Linke, Michael"]
[Result "1/2-1/2"]
[WhiteElo "1472"]
[BlackElo "1683"]
[PlyCount "60"]
[EventDate "2022.09.30"]
[EventType "swiss"]
[EventRounds "7"]
[EventCountry "GER"]
[SourceTitle "CBM 210 Extra"]
[Source "ChessBase"]
[SourceDate "2022.11.30"]
[SourceVersion "1"]
[SourceVersionDate "2022.11.30"]
[SourceQuality "1"]

1. d4 d5 2. Bf4 Nf6 3. e3 e6 4. Nf3 Bd6 5. Bg3 0-0 6. Be2 c5 7. c3 Qc7 8. Bxd6 Qxd6 9. 0-0 Nc6 10. Nbd2 e5 11. dxe5 Nxe5 12. Nxe5 Qxe5 13. Nf3 Qe7 14. a3 Bf5 15. h3 Rad8 16. Bd3 Be4 17. Qe2 a6 18. Rfd1 Rfe8 19. b3 h6 20. Rab1 Qc7 21. Bc2 Bxf3 22. Qxf3 Qe5 23. c4 b6 24. Rd2 dxc4 25. Rxd8 Rxd8 26. bxc4 Qc3 27. Bb3 Re8 28. Qb7 Qd3 29. Rb2 Qc3 30. Rb1 Qd3 1/2-1/2

[Event "Main Vogelsberg op 15th"]
[Site "Waechtersbach"]
[Date "2021.10.02"]
[Round "2.6"]
[White "Fichtner, Ewald"]
[Black "Linke, Michael"]
[Result "1-0"]
[WhiteElo "2041"]
[BlackElo "1791"]
[PlyCount "95"]
[EventDate "2021.10.01"]
[EventType "swiss"]
[EventRounds "5"]
[EventCountry "GER"]
[SourceTitle "EXT 2023"]
[Source "ChessBase"]
[SourceDate "2022.10.05"]
[SourceVersion "1"]
[SourceVersionDate "2022.10.05"]
[SourceQuality "1"]

1. d4 d5 2. Bf4 c5 3. e3 Nc6 4. c3 Qb6 5. Qb3 c4 6. Qc2 Nf6 7. b3 Na5 8. Nd2 cxb3 9. axb3 g6 10. Bd3 Bg7 11. Ngf3 0-0 12. 0-0 Bd7 13. b4 Nc6 14. b5 Nd8 15. Qb3 Ne6 16. Be5 Nc7 17. Rfb1 Rfc8 18. c4 dxc4 19. Nxc4 Qxb5 20. Qa3 Qc6 21. Na5 Qe6 22. Rxb7 Nce8 23. h3 h6 24. e4 Nd6 25. d5 Nxd5 26. exd5 Qxd5 27. Rxd7 Bxe5 28. Nxe5 Qxe5 29. Qa4 Rc3 30. Ba6 Qg5 31. Nc6 Nf5 32. Qe4 Re8 33. Bd3 Qf6 34. Ne5 Rc5 35. Re1 Qe6 36. Rxa7 Rd8 37. Ra8 Rxa8 38. Qxa8+ Kh7 39. Qa1 Qb3 40. Bxf5 gxf5 41. Re3 Qd5 42. Nd3 Rc7 43. Rg3 f6 44. Qa4 Rd7 45. Qh4 Qe4 46. Qh5 e5 47. Qg6+ Kh8 48. Qg8# 1-0

[Event "Main Vogelsberg op 15th"]
[Site "Waechtersbach"]
[Date "2021.10.02"]
[Round "3.14"]
[White "Linke, Michael"]
[Black "Goetz, Arnold1111"]
[Result "1/2-1/2"]
[WhiteElo "1791"]
[BlackElo "1596"]
[PlyCount "38"]
[EventDate "2021.10.01"]
[EventType "swiss"]
[EventRounds "5"]
[EventCountry "GER"]
[SourceTitle "EXT 2023"]
[Source "ChessBase"]
[SourceDate "2022.10.05"]
[SourceVersion "1"]
[SourceVersionDate "2022.10.05"]
[SourceQuality "1"]

1. c4 e5 2. Nc3 Bb4 3. Nd5 Bc5 4. e3 c6 5. Nc3 Nf6 6. d4 exd4 7. exd4 Qe7+ 8. Be3 Bb4 9. Bd3 0-0 10. Nge2 h6 11. h3 d5 12. 0-0 dxc4 13. Bxc4 Bf5 14. a3 Bxc3 15. Nxc3 Nbd7 16. d5 cxd5 17. Nxd5 Nxd5 18. Bxd5 Nf6 19. Bf3 Be4 1/2-1/2

[Event "Kiel op 31st"]
[Site "Kiel"]
[Date "2018.08.02"]
[Round "8"]
[White "Linke, Michael"]
[Black "Straetker, Sebastian"]
[Result "1-0"]
[WhiteElo "1792"]
[BlackElo "1887"]
[PlyCount "43"]
[EventDate "2018.07.28"]
[EventType "swiss"]
[EventRounds "9"]
[EventCountry "GER"]
[SourceTitle "CBM 185 Extra"]
[Source "ChessBase"]
[SourceDate "2018.07.29"]
[SourceVersion "1"]
[SourceVersionDate "2018.07.29"]
[SourceQuality "1"]

1. e4 e5 2. Nf3 Nf6 3. Nxe5 d6 4. Nf3 Nxe4 5. Nc3 Nxc3 6. dxc3 Be7 7. Be3 Be6 8. Qd2 Nd7 9. Be2 Nf6 10. Ng5 Bf5 11. 0-0-0 0-0 12. Kb1 c6 13. h4 b5 14. f3 d5 15. g4 Bd7 16. Bd3 a5 17. Bd4 g6 18. h5 Nxg4 19. hxg6 fxg6 20. Rxh7 Bxg5 21. Rg7+ Kh8 22. Rh1+ 1-0

[Event "Kiel op 31st"]
[Site "Kiel"]
[Date "2018.08.01"]
[Round "7"]
[White "Teichert, Felix"]
[Black "Linke, Michael"]
[Result "1-0"]
[WhiteElo "1981"]
[BlackElo "1792"]
[PlyCount "27"]
[EventDate "2018.07.28"]
[EventType "swiss"]
[EventRounds "9"]
[EventCountry "GER"]
[SourceTitle "CBM 185 Extra"]
[Source "ChessBase"]
[SourceDate "2018.07.29"]
[SourceVersion "1"]
[SourceVersionDate "2018.07.29"]
[SourceQuality "1"]

1. e4 e6 2. d4 d5 3. exd5 exd5 4. Qf3 c6 5. Bd3 Nf6 6. h3 Be7 7. Ne2 Nbd7 8. g4 0-0 9. Nbc3 c5 10. g5 Ne4 11. Nxd5 Nxg5 12. Qe3 Ne6 13. Nxe7+ Qxe7 14. d5 1-0

[Event "Kiel op 31st"]
[Site "Kiel"]
[Date "2018.07.28"]
[Round "1"]
[White "Birnbaum, Detlev"]
[Black "Linke, Michael"]
[Result "1-0"]
[WhiteElo "2118"]
[BlackElo "1792"]
[PlyCount "75"]
[EventDate "2018.07.28"]
[EventType "swiss"]
[EventRounds "9"]
[EventCountry "GER"]
[SourceTitle "CBM 185 Extra"]
[Source "ChessBase"]
[SourceDate "2018.07.29"]
[SourceVersion "1"]
[SourceVersionDate "2018.07.29"]
[SourceQuality "1"]

1. d4 Nf6 2. c4 c5 3. d5 b5 4. cxb5 a6 5. bxa6 g6 6. Nc3 d6 7. e4 Bg7 8. Nf3 0-0 9. Be2 e6 10. 0-0 Qb6 11. Nd2 exd5 12. exd5 Nxa6 13. Nc4 Qd8 14. Bf4 Ne8 15. Qd2 f5 16. Nb5 Nac7 17. Nbxd6 Bf6 18. Nxc8 Rxc8 19. Bf3 g5 20. Bxc7 Rxc7 21. d6 Rg7 22. Qd5+ Kh8 23. Qxc5 g4 24. Bd5 Bg5 25. d7 Nf6 26. Bc6 Nxd7 27. Qd5 Qc7 28. Rad1 Nf6 29. Qd6 Qf7 30. Ne5 Qg8 31. Bd5 Nxd5 32. Qxd5 Ra7 33. a3 Qg7 34. f4 gxf3 35. Rxf3 Qh6 36. Nd7 Be3+ 37. Kh1 Qg7 38. Nxf8 1-0

[Event "Kiel op 31st"]
[Site "Kiel"]
[Date "2018.07.28"]
[Round "2"]
[White "Linke, Michael"]
[Black "Bahlo, Jens"]
[Result "0-1"]
[WhiteElo "1792"]
[BlackElo "1973"]
[PlyCount "54"]
[EventDate "2018.07.28"]
[EventType "swiss"]
[EventRounds "9"]
[EventCountry "GER"]
[SourceTitle "CBM 185 Extra"]
[Source "ChessBase"]
[SourceDate "2018.07.29"]
[SourceVersion "1"]
[SourceVersionDate "2018.07.29"]
[SourceQuality "1"]

1. e4 Nc6 2. Nf3 d5 3. e5 Bf5 4. d4 e6 5. Bd3 Nge7 6. c3 Qd7 7. Nh4 Bxd3 8. Qxd3 f6 9. f4 0-0-0 10. b4 g5 11. Nf3 gxf4 12. Bxf4 Ng6 13. Bg3 fxe5 14. dxe5 Bg7 15. Qe2 h5 16. b5 Nce7 17. Nbd2 h4 18. Bf2 Nf4 19. Qf1 Nf5 20. Nb3 h3 21. gxh3 Rxh3 22. Bd4 Bh6 23. a4 Rg8 24. Bxa7 Ng2+ 25. Ke2 Rxh2 26. Bf2 Nge3 27. Qb1 Ng3+ 0-1

[Event "GER MS-282 email"]
[Site "GER email"]
[Date "2018.05.24"]
[Round "?"]
[White "Herzog, Klaus"]
[Black "Linke, Michael"]
[Result "1/2-1/2"]
[WhiteElo "1960"]
[BlackElo "2071"]
[PlyCount "55"]
[EventDate "2018.06.12"]
[EventType "tourn (corr)"]
[EventRounds "6"]
[EventCountry "GER"]
[SourceTitle "Corr 2020"]
[Source "ChessBase"]
[SourceDate "2019.09.30"]
[SourceVersion "1"]
[SourceVersionDate "2019.09.30"]
[SourceQuality "1"]

1. e4 c5 2. Nf3 d6 3. d4 cxd4 4. Nxd4 Nf6 5. Nc3 a6 6. Bg5 e6 7. f4 Nbd7 8. Qf3 Qc7 9. 0-0-0 b5 10. Bd3 Bb7 11. Rhe1 Be7 12. Qg3 h6 13. Bxf6 Bxf6 14. Bxb5 axb5 15. Ndxb5 Qb6 16. Rxd6 Bc6 17. e5 Be7 18. Qxg7 Rf8 19. f5 Bxd6 20. Nxd6+ Ke7 21. Qxh6 Qf2 22. Qg5+ f6 23. Qg7+ Kd8 24. Rd1 Qxg2 25. exf6 Rxf6 26. Nb7+ Kc8 27. Nd6+ Kd8 28. Nb7+ 1/2-1/2

[Event "GER MS-282 email"]
[Site "GER email"]
[Date "2018.05.24"]
[Round "?"]
[White "Linke, Michael"]
[Black "Lemke, Burghard"]
[Result "1/2-1/2"]
[WhiteElo "2071"]
[BlackElo "1955"]
[PlyCount "69"]
[EventDate "2018.06.12"]
[EventType "tourn (corr)"]
[EventRounds "6"]
[EventCountry "GER"]
[SourceTitle "Corr 2020"]
[Source "ChessBase"]
[SourceDate "2019.09.30"]
[SourceVersion "1"]
[SourceVersionDate "2019.09.30"]
[SourceQuality "1"]

1. e4 e5 2. Nf3 Nf6 3. Nxe5 d6 4. Nf3 Nxe4 5. Nc3 Nxc3 6. dxc3 Be7 7. Be3 0-0 8. Qd2 Nd7 9. 0-0-0 Re8 10. Bd3 Nf6 11. Rhe1 Bd7 12. Bd4 a6 13. a3 h6 14. g4 c5 15. Bxf6 Bxf6 16. Rxe8+ Qxe8 17. g5 hxg5 18. Nxg5 d5 19. Kb1 Bc6 20. Re1 Qd7 21. Qf4 Re8 22. Rg1 Qd8 23. h4 c4 24. Bh7+ Kf8 25. h5 Qb8 26. Qg4 Qd8 27. h6 gxh6 28. Nf3 Qd6 29. Qh5 Bd7 30. Qxh6+ Ke7 31. Ka2 Rh8 32. Re1+ Be6 33. Rh1 Bf5 34. Re1+ Be6 35. Rh1 1/2-1/2

[Event "GER MS-281 email"]
[Site "GER email"]
[Date "2018.05.24"]
[Round "?"]
[White "Linke, Michael"]
[Black "Preusse, Goetz"]
[Result "1-0"]
[WhiteElo "2071"]
[BlackElo "1885"]
[PlyCount "53"]
[EventDate "2018.06.12"]
[EventType "tourn (corr)"]
[EventRounds "6"]
[EventCountry "GER"]
[SourceTitle "Corr 2020"]
[Source "ChessBase"]
[SourceDate "2019.09.30"]
[SourceVersion "1"]
[SourceVersionDate "2019.09.30"]
[SourceQuality "1"]

1. e4 e6 2. d4 d5 3. Nc3 Bb4 4. e5 c5 5. a3 Ba5 6. b4 cxd4 7. Nb5 Bc7 8. f4 Ne7 9. Nf3 Nbc6 10. Bd3 Bb8 11. Bb2 a5 12. 0-0 axb4 13. Kh1 Ra4 14. Qd2 bxa3 15. Bxa3 Qa5 16. Qc1 Qb6 17. Qb1 Ra6 18. Nd6+ Bxd6 19. Qxb6 Rxb6 20. exd6 Nf5 21. Bc5 Rb2 22. Ne5 Nxe5 23. fxe5 0-0 24. g4 Ne3 25. Ra8 Bd7 26. Rxf8+ Kxf8 27. Ra1 1-0

[Event "GER MS-281 email"]
[Site "GER email"]
[Date "2018.05.24"]
[Round "?"]
[White "Linke, Michael"]
[Black "Richter, Marko"]
[Result "1/2-1/2"]
[WhiteElo "2071"]
[BlackElo "2026"]
[PlyCount "60"]
[EventDate "2018.06.12"]
[EventType "tourn (corr)"]
[EventRounds "6"]
[EventCountry "GER"]
[SourceTitle "Corr 2020"]
[Source "ChessBase"]
[SourceDate "2019.09.30"]
[SourceVersion "1"]
[SourceVersionDate "2019.09.30"]
[SourceQuality "1"]

1. e4 e5 2. Nf3 Nc6 3. d4 exd4 4. Nxd4 Bc5 5. Nxc6 Qf6 6. Qf3 bxc6 7. Nd2 d6 8. Nb3 Bb6 9. a4 a5 10. Bd2 Qxf3 11. gxf3 Nf6 12. Rg1 Rg8 13. c3 Be6 14. Nd4 Kd7 15. 0-0-0 g6 16. Bd3 Nh5 17. f4 Bxd4 18. cxd4 Bb3 19. Bc2 Bxc2 20. Kxc2 Ng7 21. Rg3 Rge8 22. Rh3 h5 23. Re1 Ne6 24. Bc3 Nxf4 25. Rf3 g5 26. h4 f6 27. Bd2 Ne6 28. Rxf6 gxh4 29. Be3 Rab8 30. Rf7+ Re7 1/2-1/2

[Event "Korbach op 8th"]
[Site "Korbach"]
[Date "2016.10.21"]
[Round "2"]
[White "Launert, Martin"]
[Black "Linke, Michael"]
[Result "0-1"]
[WhiteElo "1889"]
[BlackElo "1804"]
[PlyCount "172"]
[EventDate "2016.10.20"]
[EventType "swiss"]
[EventRounds "7"]
[EventCountry "GER"]
[SourceTitle "CBM 175 Extra"]
[Source "ChessBase"]
[SourceDate "2016.12.12"]
[SourceVersion "1"]
[SourceVersionDate "2016.12.12"]
[SourceQuality "1"]

1. e4 d6 2. Bc4 Nf6 3. d3 c6 4. Nf3 Bg4 5. h3 Bxf3 6. Qxf3 e6 7. 0-0 Be7 8. Nc3 0-0 9. a3 Nbd7 10. Bb3 d5 11. exd5 cxd5 12. d4 Rc8 13. Bf4 Qb6 14. Qd3 a6 15. Rfe1 Bd6 16. Qd2 Bxf4 17. Qxf4 Qc7 18. Qxc7 Rxc7 19. f3 b5 20. Ne2 Nb6 21. Red1 Rfc8 22. Nf4 Nc4 23. Bxc4 bxc4 24. b4 cxb3 25. cxb3 Rc3 26. b4 Rb3 27. Rd3 Rb2 28. Kf1 Rcc2 29. Re3 Rc4 30. Re2 Rb3 31. Rd2 Rcc3 32. Ke2 Re3+ 33. Kd1 g5 34. Ne2 Rxa3 35. Rda2 Rab3 36. Nc1 Rxb4 37. Kd2 Reb3 38. Nxb3 Rxb3 39. Kc2 Re3 40. Kd2 Rb3 41. Rc1 Rb4 42. Kd3 Rb3+ 43. Ke2 Nh5 44. Kf2 Nf4 45. Rd1 a5 46. Rdd2 Rb1 47. Rxa5 Rh1 48. Ra7 h5 49. Ra3 h4 50. Re3 Ra1 51. Re1 Ra3 52. Kf1 Ra4 53. Re5 f6 54. Re3 Kf7 55. Kf2 Nh5 56. Rb3 Nf4 57. g3 hxg3+ 58. Kxg3 Rxd4 59. Rb7+ Kg6 60. Rxd4 Ne2+ 61. Kf2 Nxd4 62. Ke3 e5 63. Rd7 Nf5+ 64. Kd3 d4 65. Ke4 Ng3+ 66. Kd3 Nh5 67. Ke4 Nf4 68. Rd8 Ne2 69. Rg8+ Kf7 70. Rh8 Ng3+ 71. Kd3 Ke6 72. h4 gxh4 73. Rxh4 Kd5 74. Rg4 Nh5 75. Rg8 Nf4+ 76. Kd2 Ke6 77. Re8+ Kf5 78. Rf8 Ne6 79. Re8 Ng5 80. Ke2 Kf4 81. Rf8 f5 82. Rh8 Nxf3 83. Rh6 e4 84. Ra6 d3+ 85. Kf1 e3 86. Ra4+ Kg3 0-1

[Event "Goch op 27th"]
[Site "Goch"]
[Date "2016.09.02"]
[Round "2"]
[White "Linke, Michael"]
[Black "Winkel, Peter"]
[Result "0-1"]
[WhiteElo "1806"]
[BlackElo "2170"]
[PlyCount "44"]
[EventDate "2016.09.01"]
[EventType "swiss"]
[EventRounds "7"]
[EventCountry "GER"]
[SourceTitle "EXT 2018"]
[Source "ChessBase"]
[SourceDate "2017.10.13"]
[SourceVersion "1"]
[SourceVersionDate "2017.10.13"]
[SourceQuality "1"]

1. d4 Nf6 2. c4 e6 3. Nf3 c5 4. d5 d6 5. Nc3 exd5 6. cxd5 g6 7. Bf4 Bg7 8. Qa4+ Bd7 9. Qb3 b5 10. Bxd6 Qb6 11. Be5 0-0 12. e3 c4 13. Qd1 b4 14. Ne2 Bb5 15. Nf4 Rd8 16. Qd4 Qa6 17. Rc1 Nc6 18. Qd2 Ne4 19. Qc2 Nxe5 20. Nxe5 Bxe5 21. Qxe4 Bxb2 22. Rb1 Bc3+ 0-1

[Event "GER-ch48 sf04 email"]
[Site "GER email"]
[Date "2016.07.03"]
[Round "?"]
[White "Philipps, Ralf"]
[Black "Linke, Michael"]
[Result "1/2-1/2"]
[WhiteElo "2450"]
[BlackElo "2213"]
[PlyCount "140"]
[EventDate "2016.??.??"]
[EventType "tourn (corr)"]
[EventRounds "12"]
[EventCountry "GER"]
[SourceTitle "Corr 2020"]
[Source "ChessBase"]
[SourceDate "2019.09.30"]
[SourceVersion "1"]
[SourceVersionDate "2019.09.30"]
[SourceQuality "1"]

1. e4 c5 2. Nf3 e6 3. d4 cxd4 4. Nxd4 Nc6 5. Nc3 Qc7 6. Be3 a6 7. Qd2 Nf6 8. 0-0-0 Be7 9. f3 b5 10. g4 Nxd4 11. Bxd4 Bb7 12. Kb1 0-0 13. Qf2 d5 14. g5 Nd7 15. exd5 b4 16. Ne4 Bxd5 17. Bd3 Rfd8 18. Qh4 g6 19. Qf2 Bxe4 20. Bxe4 Rac8 21. h4 Nc5 22. Qe3 e5 23. Bxc5 Bxc5 24. Qe2 a5 25. Rd3 Rxd3 26. Bxd3 Rd8 27. h5 Bf8 28. Re1 Rd5 29. hxg6 hxg6 30. Qe4 Qd6 31. Qc4 a4 32. Rc1 Rd4 33. Qa6 Qe7 34. Qxa4 Qxg5 35. Qb5 Qf6 36. Qb8 Rd8 37. Qb7 Qg5 38. Qb6 Rd6 39. Qb7 Qf4 40. Qa8 Kg7 41. Qb7 Qd4 42. Qc8 Rd8 43. Qh3 Kg8 44. Qh2 Bg7 45. Qg1 Qf4 46. Qc5 Bf6 47. Rf1 e4 48. Bxe4 Qd2 49. Qg1 Rd6 50. Re1 Kg7 51. Rf1 Be5 52. Rc1 f5 53. Bb7 Bf4 54. Re1 Bh2 55. Qf1 Be5 56. Qg1 g5 57. Rc1 Kg6 58. Re1 Bf6 59. Rc1 Rd8 60. Qc5 Qe2 61. Qxb4 Rb8 62. a4 Qxf3 63. Bxf3 Rxb4 64. c3 Rxa4 65. b4 g4 66. Bc6 Ra7 67. b5 Bg5 68. Rd1 Be3 69. Rd8 Re7 70. Rb8 Ba7 1/2-1/2

[Event "GER-ch48 sf04 email"]
[Site "GER email"]
[Date "2016.04.03"]
[Round "?"]
[White "Even, Roland"]
[Black "Linke, Michael"]
[Result "1-0"]
[WhiteElo "2190"]
[BlackElo "2044"]
[PlyCount "73"]
[EventDate "2016.??.??"]
[EventType "tourn (corr)"]
[EventRounds "12"]
[EventCountry "GER"]
[SourceTitle "Corr 2022"]
[Source "ChessBase"]
[SourceDate "2021.10.24"]
[SourceVersion "1"]
[SourceVersionDate "2021.10.24"]
[SourceQuality "1"]

1. e4 c5 2. Nf3 d6 3. d4 cxd4 4. Nxd4 Nf6 5. Nc3 a6 6. Be3 e5 7. Nb3 Be7 8. f3 Be6 9. Qd2 0-0 10. 0-0-0 Nbd7 11. g4 b5 12. g5 b4 13. Ne2 Ne8 14. f4 a5 15. f5 Bxb3 16. cxb3 a4 17. Kb1 axb3 18. Nc1 bxa2+ 19. Ka1 Qc7 20. Nb3 Kh8 21. Rc1 Nc5 22. Nxc5 dxc5 23. Rg1 Rd8 24. Qf2 Rd4 25. Qh4 Qd7 26. Bxd4 Qxd4 27. Bb5 c4 28. Bxc4 Nd6 29. Rgd1 Qxe4 30. Qxe4 Nxe4 31. h4 Nc5 32. Rd5 Rc8 33. Kxa2 f6 34. Kb1 fxg5 35. Rxe5 Bf6 36. Be6 Bxe5 37. Bxc8 1-0

[Event "GER-ch48 sf04 email"]
[Site "GER email"]
[Date "2016.04.03"]
[Round "?"]
[White "Schulz, Rene"]
[Black "Linke, Michael"]
[Result "1/2-1/2"]
[WhiteElo "1957"]
[BlackElo "2044"]
[PlyCount "61"]
[EventDate "2016.??.??"]
[EventType "tourn (corr)"]
[EventRounds "12"]
[EventCountry "GER"]
[SourceTitle "Corr 2022"]
[Source "ChessBase"]
[SourceDate "2021.10.24"]
[SourceVersion "1"]
[SourceVersionDate "2021.10.24"]
[SourceQuality "1"]

1. e4 c5 2. Nf3 d6 3. d4 cxd4 4. Nxd4 Nf6 5. Nc3 g6 6. Be3 Bg7 7. f3 0-0 8. Qd2 Nc6 9. Bc4 Bd7 10. h4 h5 11. 0-0-0 Ne5 12. Bb3 Rc8 13. Bh6 Qa5 14. Bxg7 Kxg7 15. Kb1 Rc5 16. Nde2 b5 17. Rhe1 Rb8 18. Nf4 Rbc8 19. Nd3 Nxd3 20. Qxd3 Qc7 21. Qd4 a5 22. Nd5 e5 23. Qf2 Nxd5 24. Rxd5 b4 25. Rxc5 Qxc5 26. Qxc5 Rxc5 27. Rd1 a4 28. Bd5 Kf6 29. b3 axb3 30. axb3 Bb5 31. Kc1 1/2-1/2

[Event "Vellmar op 7th"]
[Site "Vellmar"]
[Date "2015.08.09"]
[Round "6"]
[White "Linke, Michael"]
[Black "Krosenbrink, Marcel"]
[Result "1-0"]
[WhiteElo "1840"]
[BlackElo "1982"]
[PlyCount "57"]
[EventDate "2015.08.06"]
[EventType "swiss"]
[EventRounds "7"]
[EventCountry "GER"]
[SourceTitle "CBM 167 Extra"]
[Source "ChessBase"]
[SourceDate "2015.09.14"]
[SourceVersion "1"]
[SourceVersionDate "2015.09.14"]
[SourceQuality "1"]

1. Nf3 Nf6 2. c4 e6 3. g3 b6 4. Bg2 Bb7 5. 0-0 Be7 6. d4 0-0 7. Nc3 Ne4 8. Qc2 f5 9. Ne5 d6 10. Nxe4 dxe5 11. Nf6+ Bxf6 12. Bxb7 Nd7 13. Bxa8 Qxa8 14. dxe5 Bxe5 15. Rd1 Nc5 16. Be3 Ne4 17. Bd4 Bd6 18. f3 Nf6 19. Qc3 Qe8 20. Be5 Bc5+ 21. Kg2 Qc6 22. Bxf6 Rxf6 23. Rd8+ Bf8 24. Rad1 f4 25. g4 h5 26. g5 Rf5 27. h4 Kf7 28. Qd3 Qc5 29. Qd7+ 1-0

[Event "Vellmar op 7th"]
[Site "Vellmar"]
[Date "2015.08.08"]
[Round "5"]
[White "Linke, Michael"]
[Black "Nies, Peter"]
[Result "0-1"]
[WhiteElo "1840"]
[BlackElo "2056"]
[PlyCount "38"]
[EventDate "2015.08.06"]
[EventType "swiss"]
[EventRounds "7"]
[EventCountry "GER"]
[SourceTitle "CBM 167 Extra"]
[Source "ChessBase"]
[SourceDate "2015.09.14"]
[SourceVersion "1"]
[SourceVersionDate "2015.09.14"]
[SourceQuality "1"]

1. d4 e6 2. c4 Nf6 3. g3 c5 4. d5 exd5 5. cxd5 d6 6. Bg2 g6 7. Bg5 Bg7 8. Nc3 0-0 9. Qd2 a6 10. a4 Nbd7 11. Bf4 Nb6 12. Ra2 Re8 13. b3 c4 14. b4 a5 15. b5 Bf5 16. f3 Nh5 17. Nh3 Bxh3 18. Bxh3 Nxf4 19. gxf4 Qh4+ 0-1